000 00236nam a22000857a 4500
008 160704b xxu||||| |||| 00| 0 eng d
100 _92045
_a Das, M
245 _aStories of Light and Delight
260 _aNew Delhi
_bNational Book Trust
_c1970
999 _c1745
_d1745